Atlas práctico para el médico general : Dermatología / (Registro nro. 312)
[ vista simple ]
| 000 -LEADER | |
|---|---|
| fixed length control field | 01036 am a2200349 a 4500 |
| 005 - FECHA ULTIMA MODIFICACION | |
| control field | 20120418123649.0 |
| 008 - CAMPO DE CONTROL (LIBRO) | |
| fixed length control field | 100514s1982||||sp a f |||| 00| 0 spa d |
| 020 ## - INTERNATIONAL STANDARD BOOK NUMBER | |
| ISBN | 843452130X |
| 041 ## - CODIGO DE IDIOMA | |
| Código de idioma del texto/pista de sonido o título separado | spa |
| 092 ## - SIGNATURA TOPOGRAFICA DEWEY LOCAL | |
| número de clasificación | 616.5 |
| libristica | 53 |
| sección | MOR |
| 100 1# - ENTRADA PRINCIPAL--NOMBRE PERSONAL | |
| Nombre personal | Moragas, J. M. de. |
| 9 (RLIN) | 181 |
| 245 ## - TITULO PROPIAMENTE DICHO | |
| Título | Atlas práctico para el médico general : Dermatología / |
| Mención de responsabilidad y remanente de la transcripción de la portada | J. M. de Moragas. |
| 250 ## - MENCION DE EDICION | |
| Mención de edición | 1a ed. |
| 260 ## - PIE DE IMPRENTA | |
| Lugar de publicación, distribución, etc | Barcelona : |
| Nombre de la editorial, distribuidor, etc | Salvat, |
| Fecha de publicación | 1982. |
| 300 ## - DESCRIPCION FISICA | |
| Extension | 270 p. |
| Otros detalles físicos | il. |
| 590 ## - NOTAS LOCALES (RLIN) | |
| Nota local | Donación Dr. Mancuso 2007 |
| 653 ## - TÉRMINO INDIZADO - PALABRAS CLAVES | |
| Palabra clave | Lesiones elementales cutáneas |
| 653 ## - TÉRMINO INDIZADO - PALABRAS CLAVES | |
| Palabra clave | Máculas |
| 653 ## - TÉRMINO INDIZADO - PALABRAS CLAVES | |
| Palabra clave | Pápulas |
| 653 ## - TÉRMINO INDIZADO - PALABRAS CLAVES | |
| Palabra clave | Nódulos |
| 653 ## - TÉRMINO INDIZADO - PALABRAS CLAVES | |
| Palabra clave | Vesiculoampollas |
| 653 ## - TÉRMINO INDIZADO - PALABRAS CLAVES | |
| Palabra clave | Pústulas |
| 653 ## - TÉRMINO INDIZADO - PALABRAS CLAVES | |
| Palabra clave | Ulceras |
| 653 ## - TÉRMINO INDIZADO - PALABRAS CLAVES | |
| Palabra clave | Fístula |
| 653 ## - TÉRMINO INDIZADO - PALABRAS CLAVES | |
| Palabra clave | Púrpura |
| 653 ## - TÉRMINO INDIZADO - PALABRAS CLAVES | |
| Palabra clave | Esclerosis cutáneas |
| 653 ## - TÉRMINO INDIZADO - PALABRAS CLAVES | |
| Palabra clave | Enfermedades descamativas |
| 653 ## - TÉRMINO INDIZADO - PALABRAS CLAVES | |
| Palabra clave | Enfermedades del pelo y cuero cabelludo |
| 930 ## - NUMERO DE INVENTARIO | |
| Número de inventario | 1763 |
| 942 ## - ADDED ENTRY ELEMENTS (KOHA) | |
| Source of classification or shelving scheme | Dewey Decimal Classification |
| Item type | Libros |
| Estado de retiro | Existencia | Fuente de clasificación | Estado general | Uso restringido | No para prestamo | Ubicación permanente | ubicación actual | Sala de ubicación | Fecha de adquisición | Total Checkouts | Número de clasificación | Código de barras | Date last seen | Número de ejemplar | Price effective from | Koha tipo de elemento (item) | Public note | Coded location qualifier |
|---|---|---|---|---|---|---|---|---|---|---|---|---|---|---|---|---|---|---|
| Dewey Decimal Classification | Restricted Access | Not For Loan | Biblioteca Medicina | Biblioteca Medicina | Circulación | 13/05/2011 | 616.5 53 MOR | 1763 | 06/11/2014 | ej.1 | 13/05/2011 | Libros | Baja 2017 (Caja 9) |